| 000 | 00700nam a22002177a 4500 | ||
|---|---|---|---|
| 999 |
_c5475 _d5475 |
||
| 003 | AR-CdUCM | ||
| 008 | 190312b ||||| |||| 00| 0 spa d | ||
| 040 |
_aMUNICIPALIDAD PROVINCIAL DEL CUSCO _cBIBLIOTECA MUNICIPAL DEL CUSCO |
||
| 082 |
_a869.624 / _bM28 |
||
| 100 |
_aMata, Gonzalo Humberto _916450 |
||
| 245 | _aGénesis de mi ser / | ||
| 260 |
_aCuenca, Ecuador : _bBiblioteca Cenit, _c1974. |
||
| 300 |
_a68 paginas ; _c21 cm. |
||
| 500 | _aDonación de la familia Nieto. | ||
| 505 | _aContenido :Génesis de mi ser. | ||
| 650 |
_aPoesías ecuatorianas _9346 |
||
| 650 |
_aLiteratura del siglo XX _97647 |
||
| 650 |
_aLiteratura ecuatoriana _911889 |
||
| 942 |
_2ddc _cLIBROS |
||
| 945 | _arum | ||